Fundamentals of Business Mathematics : CIMA Certificate in Business Accounting (Record no. 2547)

MARC details
005 - DATE AND TIME OF LATEST TRANSACTION
control field 20250522153834.0
020 ## - INTERNATIONAL STANDARD BOOK NUMBER
International Standard Book Number 978-0-7506-8718-8
082 ## - DEWEY DECIMAL CLASSIFICATION NUMBER
Classification number 510 ALL
100 ## - MAIN ENTRY--PERSONAL NAME
Author name ALLAN, W .
245 ## - TITLE STATEMENT
Title Fundamentals of Business Mathematics : CIMA Certificate in Business Accounting
260 ## - PUBLICATION, DISTRIBUTION, ETC.
Place of publication, distribution, etc. Amsterdam,
Name of publisher, distributor, etc. Elsevier Ltd,
Date of publication, distribution, etc. 2008.
300 ## - PHYSICAL DESCRIPTION
Extent xxi, 206p.: ill.; table,
Dimensions 29cm.
700 ## - ADDED ENTRY--PERSONAL NAME
Other authors/Editors AVIS, J.
942 ## - ADDED ENTRY ELEMENTS (KOHA)
Source of classification or shelving scheme Dewey Decimal Classification
Koha item type Books
Holdings
Date last seen Total checkouts Full call number Barcode Cost, replacement price Price effective from Koha item type Lost status Source of classification or shelving scheme Damaged status Not for loan Withdrawn status Home library Current library Shelving location Date acquired Cost, normal purchase price
05/22/2025   510 ALL 0000009519 105000.00 05/22/2025 Books   Dewey Decimal Classification       College of Business Education Main Library College of Business Education Main Library General Collection 10/08/2011 35000.00